000 01087nam0a2200301 4500
001 RU\NLR\BIBL_A\012567156
005 20260128124807.0
010 _a978-5-91818-738-8
_9150
021 _aRU
_bКН-П-21-015619
_9КН-П-21-1235
035 _a(NLR Aleph) 012567156
090 _a12479114
_c12479114
100 _a20210720d2021 k y0rusy50 ca
101 0 _arus
102 _aRU
105 _ay|||z|||000zy
181 0 _ai4
_bab2e
182 0 _an
200 1 _aРиелтором не рождаются
_fВиталий Кальян
203 _aТекст
_bвизуальный
_cнепосредственный
210 _aСаратов
_cКУБиК
_d2021
215 _a51, [1] с.
_d21
606 1 _aРиелторская деятельность
_jПопулярные издания
_yРоссийская Федерация
_92223983
_3RU\NLR\AUTH\661335231
686 1 _aУ9(2)-571.1-07(2Р)я9
700 1 _aКальян
_bВ.
_gВиталий
942 _cBOOK
980 _aNB